The last kids on Earth and the doomsday race / (Record no. 48146)
| 000 -LEADER | |
|---|---|
| fixed length control field | 00867cam a2200217 i 4500 |
| 001 - CONTROL NUMBER | |
| control field | 22172899 |
| 005 - DATE AND TIME OF LATEST TRANSACTION | |
| control field | 20260203101319.0 |
| 020 ## - INTERNATIONAL STANDARD BOOK NUMBER | |
| International Standard Book Number | 9781984835376 |
| Qualifying information | (hardcover) |
| 020 ## - INTERNATIONAL STANDARD BOOK NUMBER | |
| International Standard Book Number | 1984835378 |
| Qualifying information | (hardcover) |
| 100 1# - MAIN ENTRY--PERSONAL NAME | |
| Personal name | Brallier, Max, |
| 9 (RLIN) | 84216 |
| 245 14 - TITLE STATEMENT | |
| Title | The last kids on Earth and the doomsday race / |
| Statement of responsibility, etc | Max Brallier. |
| 260 ## - PUBLICATION, DISTRIBUTION, ETC. (IMPRINT) | |
| Place of publication, distribution, etc | New York: |
| Name of publisher, distributor, etc | Viking; |
| Date of publication, distribution, etc | 2021. |
| 300 ## - PHYSICAL DESCRIPTION | |
| Extent | 310 pages : |
| Other physical details | illustrations ; |
| Dimensions | 22 cm. |
| 490 0# - SERIES STATEMENT | |
| Series statement | Last kids on Earth ; |
| Volume number/sequential designation | 7 |
| 500 ## - GENERAL NOTE | |
| General note | "Netflix. A Netflix original series"--Cover |
| 520 ## - SUMMARY, ETC. | |
| Summary, etc | This much anticipated seventh book in the best-selling series finds Jack, Quint, June and Dirk continuing their journey with new friends, new stakes and a new ride. |
| 650 #0 - SUBJECT ADDED ENTRY--TOPICAL TERM | |
| Topical term or geographic name as entry element | Monsters. Survival. |
| Form subdivision | Fiction. |
| 9 (RLIN) | 85894 |
| 655 #0 - INDEX TERM--GENRE/FORM | |
| Genre/form data or focus term | Fantasy.. Humorous stories. |
| 9 (RLIN) | 85896 |
| 700 1# - ADDED ENTRY--PERSONAL NAME | |
| Personal name | Holgate, Douglas, |
| Relator term | illustrator. |
| 9 (RLIN) | 84220 |
| 942 ## - ADDED ENTRY ELEMENTS (KOHA) | |
| Source of classification or shelving scheme | |
| Koha item type | J FIC BOOKS |
| Withdrawn status | Lost status | Source of classification or shelving scheme | Damaged status | Not for loan | Collection code | Home library | Current library | Shelving location | Date acquired | Total Checkouts | Full call number | Barcode | Date last seen | Date checked out | Price effective from | Koha item type |
|---|---|---|---|---|---|---|---|---|---|---|---|---|---|---|---|---|
| SECONDARY | Asian Hope Secondary Library | Asian Hope Secondary Library | Junior Fiction | 01/10/2025 | 1 | J FIC BRA | 207410 | 01/16/2026 | 03/25/2025 | 01/10/2025 | J FIC BOOKS |